Adoption of different tapping systems in the rubber industry of Sri Lanka with special reference to low frequency tapping (Record no. 53833)

MARC details
000 -LEADER
fixed length control field 00540nam a2200169Ia 4500
100 ## - MAIN ENTRY--AUTHOR NAME
Personal name Rodrigo V H L
245 #0 - TITLE STATEMENT
Title Adoption of different tapping systems in the rubber industry of Sri Lanka with special reference to low frequency tapping
260 ## - PUBLICATION, DISTRIBUTION, ETC. (IMPRINT)
Name of publisher Journal of the Rubber Research Institute of Sri Lanka
Year of publication 2007
300 ## - PHYSICAL DESCRIPTION
Number of Pages 21-Jan
520 ## - SUMMARY, ETC.
Summary, etc DL
650 ## - SUBJECT ADDED ENTRY--TOPICAL TERM
Topical Term Low frequency tapping
650 ## - SUBJECT ADDED ENTRY--TOPICAL TERM
Topical Term Plantations
650 ## - SUBJECT ADDED ENTRY--TOPICAL TERM
Topical Term Smallholders
650 ## - SUBJECT ADDED ENTRY--TOPICAL TERM
Topical Term Tapping systems
942 ## - ADDED ENTRY ELEMENTS (KOHA)
Koha item type Journals
Holdings
Withdrawn status Lost status Damaged status Not for loan Home library Current library Shelving location Date acquired Serial Enumeration / chronology Koha item type
      Journals RRII Library RRII Library Exploitation technology 19/09/2008 Volume 88, Issue Journals